| 000 | 00459nam a2200181Ia 4500 | ||
|---|---|---|---|
| 005 | 20240823061159.0 | ||
| 008 | 240823s9999||||xx |||||||||||||| ||und|| | ||
| 041 | _aENGLISH | ||
| 082 | _A616.8588 Q1 | ||
| 100 | _a"Patel,Dilip R" | ||
| 245 | 0 | _aNeurodevelopmental Disabilities | |
| 250 | _a1st | ||
| 260 |
_c2011 _bSpr |
||
| 500 | _aTRANSFERED | ||
| 650 |
_aHuman Genetics and Molecular Biology _bAllied Health Science |
||
| 942 | _cBK | ||
| 999 |
_c232903 _d232903 |
||